|
|
|
|
| LEADER |
00000nam0a2200000 4500 |
| 001 |
363744 |
| 005 |
20231102011623.0 |
| 035 |
|
|
|a (RuTPU)RU\TPU\retro\21091
|
| 090 |
|
|
|a 363744
|
| 100 |
|
|
|a 20211011d1980 k y0rusy50 ca
|
| 101 |
0 |
|
|a rus
|
| 102 |
|
|
|a RU
|
| 105 |
|
|
|a a z 001zy
|
| 200 |
1 |
|
|a Прогноз теплового режима мерзлых горных пород под естественными и искусственными покровами
|e монография
|f Г. И. Сморыгин
|g Академия наук СССР, Сибирское отделение, Институт географии Сибири и Дальнего Востока ; отв. ред. В. Р. Алексеев
|
| 210 |
|
|
|a Новосибирск
|c Наука
|d 1980
|
| 215 |
|
|
|a 190 с.
|c ил.
|
| 320 |
|
|
|a Библиогр.: с. 177-187
|
| 606 |
1 |
|
|a Почвы
|x Теплообмен с атмосферой
|2 stltpush
|3 (RuTPU)RU\TPU\subj\51034
|9 69646
|
| 610 |
1 |
|
|a естественные природные условия
|
| 610 |
1 |
|
|a математические модели
|
| 610 |
1 |
|
|a построение
|
| 610 |
1 |
|
|a горные породы
|
| 610 |
1 |
|
|a тепловой режим
|
| 610 |
1 |
|
|a полевые экспериментальные исследования
|
| 610 |
1 |
|
|a мерзлые горные породы
|
| 610 |
1 |
|
|a тепловая мелиорация
|
| 610 |
1 |
|
|a тепловой баланс
|
| 610 |
1 |
|
|a составляющие
|
| 610 |
1 |
|
|a расчет
|
| 610 |
1 |
|
|a монографии
|
| 675 |
|
|
|a 551.525
|v 4
|
| 700 |
|
1 |
|a Сморыгин
|b Г. И.
|g Геннадий Иванович
|
| 702 |
|
1 |
|a Алексеев
|b В. Р.
|g Владимир Романович
|4 340
|
| 712 |
0 |
2 |
|a Академия наук СССР
|b Сибирское отделение
|b Институт географии Сибири и Дальнего Востока
|2 stltpush
|3 (RuTPU)RU\TPU\col\11817
|9 25258
|
| 801 |
|
1 |
|a RU
|b 63413507
|c 20211011
|
| 942 |
|
|
|c BK
|